España en Rilke

Na minha lista:
Detalhes bibliográficos
Autor principal: Ferreiro Allemparte, Jaime (Autor)
Formato: Livro
Idioma:espanhol
Publicado em: Madrid Taurus 1966
coleção:Colección Persiles, 32
Assuntos:
Tags: Adicionar Tag
Sem tags, seja o primeiro a adicionar uma tag!

MARC

LEADER 00000nam a2200000 a 4500
001 UCZ6676
003 CL-VaPUC
008 951214e19660000SP |||||||||||||||||spa|d
082 0 4 |a 891.8601  |b FER  |2 21 
100 0 |a Ferreiro Allemparte, Jaime  |e author  |9 351116 
245 1 0 |a España en Rilke 
300 |a 479 p 
942 |c BK 
945 |d 19951214 00:00:00  |a rleighto 
260 |a Madrid  |b Taurus  |c 1966 
600 0 |a Rilke, Rainer Maria  |9 265571 
650 7 |a LITERATURA CHECOESLOVACA  |2 CL-VaPUC  |9 348950 
650 7 |a POESIA CHECOESLOVACA  |2 CL-VaPUC  |9 351117 
650 0 |a Crítica e interpretación   |9 255042 
583 |a last modification  |c 19951214 00:00:00  |k Rodrigo Vera 
490 0 |a Colección Persiles, 32 
999 |c 242864  |d 242862 
952 |0 0  |1 0  |4 0  |6 891_860100000000000_FER_1966  |7 0  |8 A  |9 256124  |a BIBEDU  |b BIBEDU  |d 2019-11-19  |i 3160734  |o 891.8601 FER 1966  |p 3160734  |r 2019-11-19  |w 2019-11-19  |y BK  |k LIT